000 00325nam a22001337a 4500
008 170629b xxu||||| |||| 00| 0 eng d
020 _a9781847875129
041 _aeng
080 _a82
100 _a22
101 _aGJL
245 _aMAKING SENSE OF DEATH, DYING AND BEREAVEMENTl: AN ANTHOLOGY
_cEARLE,S
942 _2udc
_cBK
999 _c19593
_d19593